00579nam a2200169Ia 4500003000900000008004100009020001800050040001600068080001800084100002400102245013800126250001200264260004800276300001500324650004100339650002900380IN-BaIIA211028s9999 xx 000 0 eng d a0-521-38773-6 cIIA Library a524-48bLON-1 aLongair, Malcolm S. 0aHigh energy astrophysicsbvol.1, particles, photons and their detectioncMalcolm S. Longair  a2nd ed. aCambridgebCambridge University Pressc1992 axvii,418p. aAstronomy and Astrophysics Thesaurus aHigh Energy Astrophysics